Danganronpa Characters by picture Quiz Stats

 Plays Quiz not verified by Sporcle

Score 0/72 Timer 15:00
0 Plays Today
% Correct
Monokuma
98.2%
Kyouko Kirigiri
88%
Junko Enoshima
87.7%
Byakuya Togami
86.9%
Aoi Asahina
85.1%
Touko Fukawa
83%
Sakura Oogami
82.2%
Celestia Ludenberg
81.2%
Leon Kuwata
79.6%
Hajime Hinata
78.5%
Sayaka Maizono
78.5%
Mondo Oowada
77.2%
Usami
76.7%
Chiaki Nanami
76.2%
Hifumi Yamada
75.7%
Sonia Nevermind
75.4%
Peko Pekoyama
74.1%
Makoto Naegi
73.8%
Yasuhiro Hagakure
73.8%
Gundham Tanaka
73.8%
Nagito Komaeda
73.3%
Ibuki Mioda
73.3%
Kiyotaka Ishimaru
72.8%
Kazuichi Soda
72.8%
Mikan Tsumiki
71.2%
Teruteru Hanamura
70.9%
Akane Owari
69.9%
Mahiru Koizumi
69.4%
Nekomaru Nidai
69.4%
Mukuro Ikusaba
68.8%
Hiyoko Saionji
68.8%
Komaru Naegi
68.3%
Izuru Kamukura
67.8%
Fuyuhiko Kuzuryuu
67.5%
Byakuya Togami?
67%
Kaede Akamatsu
62%
% Correct
Kii-bo K1-B0
61.8%
Angie Yonaga
59.4%
Kokichi Ouma
59.4%
Monaka Towa
58.4%
Chihiro Fujisaki
58.1%
Gonta Gokuhara
58.1%
Jin Kirigiri
56.5%
Kaito Momota
56.3%
Shuichi Saihara
56.3%
Tenko Chabashira
54.5%
Kirumi Tojo
53.9%
Tsumugi Shirogane
53.4%
Ryoma Hoshi
53.1%
Nagisa Shingetsu
51.8%
Himiko Yumeno
51.8%
Chisa Yukizome
51.6%
Natsumi Kuzuryu
49.5%
Korekiyo Shinguuji
47.9%
Rantaro Amami
46.9%
Kotoko Utsugi
46.3%
Masaru Daimon
46.1%
Miu Iruma
44.5%
Jataro Kemuri
43.5%
Maki Harukawa
43.2%
Seiko Kimura
42.4%
Juzo Sakakura
42.4%
Kyosuke Munakata
41.1%
Ruruka Ando
40.6%
Ryota Mitarai
40.3%
Great Gozu
39.5%
Sonosuke Izayoi
38%
Kazuo Tengan
36.4%
Daisaku Bandai
33%
Ryoko Otonashi
29.8%
Koichi Kizakura
29.1%
Yasuke Matsuda
25.7%

You're not logged in!

Compare scores with friends on all Sporcle quizzes.
OR
Log In

Sporcle TV

Today on Sporcle TV


Watch our educational content, quiz creation guides, and fun videos on Sporcle TV.

Show Comments

Extras

Top Quizzes Today


Score Distribution

Your Account Isn't Verified!

In order to create a playlist on Sporcle, you need to verify the email address you used during registration. Go to your Sporcle Settings to finish the process.

Report this User

Report this user for behavior that violates our Community Guidelines.

Details: